Phân tích và dự báo kinh doanh (Lý thuyết, bài tập và bài giải. Câu hỏi trắc nghiệm. Hướng dẫn thực hành chi tiết bằng Excel)

Lý thuyết, bài tập và bài giải môn phân tích và dự báo kinh doanh. Câu hỏi trắc nghiệm. Hướng dẫn thực hành chi tiết bằng Excel

Đã lưu trong:
书目详细资料
主要作者: Phan, Đức Dũng
格式: 图书
语言:Undetermined
出版: Hà Nội Lao động - Xã hội 2014
主题:
标签: 添加标签
没有标签, 成为第一个标记此记录!
Thư viện lưu trữ: Trung tâm Học liệu Trường Đại học Cần Thơ
LEADER 01076nam a2200253Ia 4500
001 CTU_202925
008 210402s9999 xx 000 0 und d
020 |c 112000 
082 |a 658.150285 
082 |b D513 
100 |a Phan, Đức Dũng 
245 0 |a Phân tích và dự báo kinh doanh 
245 0 |b (Lý thuyết, bài tập và bài giải. Câu hỏi trắc nghiệm. Hướng dẫn thực hành chi tiết bằng Excel) 
245 0 |c Phan Đức Dũng 
260 |a Hà Nội 
260 |b Lao động - Xã hội 
260 |c 2014 
520 |a Lý thuyết, bài tập và bài giải môn phân tích và dự báo kinh doanh. Câu hỏi trắc nghiệm. Hướng dẫn thực hành chi tiết bằng Excel 
526 |a Thống kê và dự báo trong kinh doanh 
526 |b KT659 
650 |a Business,Kinh doanh 
650 |x Computer programs,Phần mềm máy tính 
904 |i Nguyên 
980 |a Trung tâm Học liệu Trường Đại học Cần Thơ